1240 1363 1957 1275 1900 1766 1616 1212 1108 1270 1733 1922 1456 1917 1583 1609 1727 1249 1433 1930 1538 1295 1483 1169 1613 1798 1881 1949 1569 1024 1274 1976 1605 1684 1748 1371 1308 1440 1174 1381 1048 1132 1899 1267 1947 1619 1924 1221 1819 1568 1519 1852 1606 1618 1902 1567 1178 1880 1781 1544 1437 1949 1758 1891 1076 1142 1397 1422 1286 1784 1039 1137 1050 1295 1163 1559 1002 1962 1677 1335 1310 1348 1471 1712 1811 1944 1845 1068 1097 1726 1202 1861 1792 1964 1675 1222 1776 1694 1341 BCNSPRNW ULIB Ver.6.0+V

เปลี่ยนเป็นภาษาไทย

Change to English
 แสดงรายละเอียดบรรณานุกรม
  กลับหน้าหลัก

Brief Record : Get Marc (ISO 2709) : E-mail record : QR code < ปิดหน้าต่าง
LEADER : 00000nam 2200000uu 4500
001    13399122627
003     ULIB
008    020711s2012 th a 000 0 eng d
020    9781604069525
060  4 QS4^bA614A
100    Anne M. Gilroy
245    Atlas of Anatomy./^cAnne M. Gilroy, Brian R. MacPherson, Lawrence M. Ross
250    2nd ed
260    New York :^bThieme,,^c2012
300    694 pages
650    Anatomie; Atlas
700    Brian R. MacPherson
700    Lawrence M. Ross
945    ^p0^l0^i20074
999    ^aทศพร เกษรทอง
รายการนี้ยังไม่มีแท็ก
คุณยังไม่ได้ล็อกอิน คุณสามารถมีกิจกรรมร่วมกับเว็บไซต์ได้ แต่ต้องล็อกอินก่อน ::
  ล็อกอิน

รายการสื่อสารสนเทศ

ลำดับที่ ประเภท เลขเรียก/บาร์โค้ด สถานที่ สถานะ
1. วิทยาศาสตร์การแพทย์ และสุขภาพ
วิทยาศาสตร์การแพทย์ และสุขภาพ
QS4 A614A C.1 
  Barcode: 20074
ห้องสมุดวิทยาเขตสวรรค์ประชารักษ์
►หนังสือทั่วไป
บนชั้น

BibComment


ยังไม่เคยถูกคอมเมนท์

คอมเมนท์ทรัพยากรรายการนี้
  คอมเมนท์: Atlas of Anatomy ..


 Copyright 2026. Bcnsprnw @Library